Регионална библиотека "Любен Каравелов" - Русе

Самолечението (Запис номер 105124)

MARC детайли
000 -Лидер
Контролно поле с фиксирана дължина 01733nam a2200373 c 4500
003 - Код на организацията, давaща контролен номер
Контролно поле BLK
005 - Дата и час на последна редакция
Контролно поле 20180420230331.0
008 - Елементи от данни с фиксирана дължина
fixed length control field 180409b bul|||||r ||||||| ||bul||
010 ## - Наследен системен номер
LC control number KNG00110245000
040 ## - Източник на каталожния запис
Идентификатор на билиотеката - собственик на записа BLK
041 ## - Код за език
Код за езика на текст/звукозапис или на отделно заглавие Български
Код за езика КДБФ Български
080 ## - УДК
Текстов определител УДК Физиотерапия. Механично действащи средства. Радиотерапия и др. нелекарствени терапевтични средства и методи
УДК код - определител по УДК 615.8
УДК определител
УДК - код + определител 615.8
080 ## - УДК
Текстов определител УДК Лекарствени средства от растителен произход. Подразделя се със знак за отношение :582; :633/635; :665.3
УДК код - определител по УДК 615.322
УДК определител
УДК - код + определител 615.322
100 1# - Редна дума - Автор
Автор Симеонов, Симеон Илиев
Авторска отговорност първи автор
R(LIN) 310150
139 ## - Редно поле
Редна дума Симеонов, Симеон Илиев
Авторски знак Сим - С 37
245 10 - Сведения за заглавието
Заглавие Самолечението
Редно поле (дума) Симеон Илиев Симеонов; * Симеон Илчев Симеонов.
257 ## - Страна на издаване
Страна на създаване/издаване България
260 ## - Област на издателските данни
-- Варна
Име на издателя, разпространителя и проч. Изд. авт.
Година на издаване 2002
Печатница Без сведение за печ.
300 ## - Физическа характеристика
Страници 160 с.
Размери/Мащаб 20 см
380 ## - Жанр
Жанр Медицина
500 ## - Общи забележки
Забележка Кор. загл.Самолечение. - На кор. авт. Симеон Илчев Симеонов
650 #4 - Допълнително описание по предмет – тема
Основно описание – тема или топоним Природолечение - рецепти
9 (RLIN) 245887
650 #4 - Допълнително описание по предмет – тема
Основно описание – тема или топоним Лечебно хранене
9 (RLIN) 244312
650 #4 - Допълнително описание по предмет – тема
Основно описание – тема или топоним Фитотерапия
9 (RLIN) 175865
653 ## - Ключова дума – ненормативна
Ключова дума природолечение
653 ## - Ключова дума – ненормативна
Ключова дума лечебно хранене
653 ## - Ключова дума – ненормативна
Ключова дума фитотерапия
700 1# - Други автори (авторска отговорност)
Лично име Симеонов, Симеон Илчев
Автороска отговорност (Описва отношението между автора и произведението) *
9 (RLIN) 310151
852 ## - Местоположение
Форматна сигнатура Цб 217545
856 4# - Електронен адрес и достъп
Електронен формат pdf - файл
Път до файла /url/
856 4# - Електронен адрес и достъп
Електронен формат pdf - файл
Път до файла /url/
942 ## - АРТИКУЛИ
Вид на библиотечния материал Книги
Скрит в OPAC Не
944 ## - СЪЗДАВАНЕ И РЕДАКЦИЯ на ЗАПИСА
Създаване/Редакция Създаване
Дата на регистрацията/редакция 16.01.2004
Служител, извършил регистрацията/редакцията Цветанка_Енчева
944 ## - СЪЗДАВАНЕ И РЕДАКЦИЯ на ЗАПИСА
Създаване/Редакция Редакция
Дата на регистрацията/редакция 20.02.2004
Служител, извършил регистрацията/редакцията
999 ## - СИСТЕМНИ КОНТРОЛНИ НОМЕРА
Koha biblionumber 105124
Koha biblioitemnumber 105124
Наличности
Код за отписване Код за изгубен артикул Код за повреда Коз за рестрикции Код за отдаване Артикулен № Име на библиотеката - собственик Име на библиотеката, в която се намира в момента Статус (Текущо местоположение) Дата на вписване в системата Местоположение - отдел Цена в лева Инвентарен номер Систематично азбучна сигнатура Баркод Номер на екземпляра Цена в евро Служебна бележка Служебен тип на артикула
  Не е изгубен Не е повреден без рестрикции ползва се в читалня 169811 Регионална библиотека "Любен Каравелов" Русе Регионална библиотека "Любен Каравелов" Русе Хранилище 2004-01-16 Хранилище 0.00 120000681839 Цб 217545 120000681839 1 0.00 Дост: Dp Вид: Д N: 5 Дата: 15.01.2003 Книги
Vip Innovations Ltd, Rousse, Bulgaria 2025